Krátky dejepis Cirkwe kresťansko=katholické Jakožto pokračowání a druhá biblické historie stránka

Bibliographic Details
Main Author: Láni, Karol, 1812-1856 (Author)
Other Authors: Schmid, František, činný 19. storočie (Printer)
Format: Book
Language:Slovak
PhysicalDescription:90 strán 15 cm
Published: W Presspurku Tiskem (nekdy) Frantissko=Šmidowym 1850
Subjects:

MARC

LEADER 00000nam a2200000 a 4500
001 vtls008304434
003 SK-MaSNL
005 20260302074212.0
008 251112 1850 xo a 001 0 slo
015 |a SNBHFA1850 
020 |q (viaz.) 
035 |a urn:nbn:sk:snk-am00dinh 
035 |a urn:nbn:sk:snk-am3i3jh 
035 |a 6AFCA06D-DE4A-46D4-8A35-D64C3A45302F 
040 |a SNK  |b slo  |c SNK  |e AACR2 
041 0 |a slo 
044 |a xo  |c SK 
072 7 |a 27-9  |x Dejiny kresťanskej cirkvi  |2 konspekt 
080 |a 27-9  |2 2011 
100 1 |a Láni, Karol,  |d 1812-1856  |4 aut  |9 124098 
245 1 |a Krátky dejepis Cirkwe kresťansko=katholické  |b Jakožto pokračowání a druhá biblické historie stránka  |c Od Dr. Karla Lányiho, kneze arc. ostrihomského, král. uhorské akademie spolu=úda, swatostoličného notára w Trnawe 
260 |a W Presspurku  |b Tiskem (nekdy) Frantissko=Šmidowym  |c 1850 
300 |a 90 strán  |c 15 cm 
500 |a Ilustrácia 
504 |a Obsahuje register 
561 |a Pečiatka: Fr. Richard Osvald 21. Mai 1917.  |5 SNK SE 269/11 
610 2 7 |a Rímskokatolícka cirkev  |2 SNKKA  |9 32394 
650 0 7 |a dejiny  |2 SNKPH  |9 3825 
700 1 |a Osvald, Richard František,  |d 1845-1926  |4 fmo  |9 157581 
700 1 |a Schmid, František,  |d činný 19. storočie  |4 prt  |9 11026 
752 |a Slovensko  |d Bratislava 
852 |a snk  |p SE 269/11 
958 |a ONDV 
999 |c 1164094  |d 1166024 
952 |a SNK  |b SNK  |y VYP  |7 0  |p 17A0486679  |o snkSE 269/11 D1  |i snkK 112/73  |3 Rekatalogizácia  |0 0  |1 0  |4 0  |d 2005-10-21  |l 0  |r 2026-02-24 20:43:47  |w 2026-02-24 
952 |a SNK  |b SNK  |y PREZ  |7 0  |p 17A0731521  |o snkSE 269/11  |i snk1187/29  |0 0  |1 0  |4 0  |d 2011-11-08  |f 1  |l 0  |r 2026-02-24 20:43:47  |w 2026-02-24